000 00351 a2200109 4500
001 ART_28158
005 20260410161951.0
008 260409a
245 1 0 _aUna cuestión candente y carente de regulación
100 1 _aAlvarez Larrondo, Federico M.
773 0 _tTemas de derecho comercial
_g- Año 1, Nº 2 (feb. 2015)
_wREV28151
999 _c30397
_d30397